000 00660nam a2200217Ia 4500
005 20250508162138.0
008 008 250505s9999 xx 000 0 eng d
020 _a0-08-024705-9
037 _aTextual
040 _aFEDL
_beng
_cFEDL
041 _aeng
_2eng
084 _a371.3, BOT
_qFEDL
100 _aBotkin James W
_9772428
245 0 _aNo limits to learning : Bridging the human gap : A report to the club of Rome
260 _aOxford
_bPergamon Press
_c1980
300 _axvi,159p
650 _aTeaching Technique
700 _a Elmandjra Mahdi Malitza Mircea
_9772429
942 _cTEXL
_h371.3, BOT
999 _c1374648
_d1374648